[Event "SVK-ch U08"]
[Site "Tatralandia"]
[Date "2015.04.22"]
[Round "6"]
[White "Strycko, Vladimir"]
[Black "Stevik, Patrik"]
[Result "0-1"]
[WhiteElo "1000"]
[BlackElo "1388"]
[PlyCount "110"]
[EventDate "2015.04.18"]
[EventType "tourn"]
[EventRounds "9"]
[EventCountry "SVK"]
[SourceTitle "CBM 166 Extra"]
[Source "ChessBase"]
[SourceDate "2015.06.18"]
[SourceVersion "1"]
[SourceVersionDate "2015.06.18"]
[SourceQuality "1"]

1. e4 e5 2. Nf3 Nf6 3. Nxe5 d6 4. Nf3 Nxe4 5. Qe2 Qe7 6. d3 Nf6 7. Nc3 Bg4 8. Qxe7+ Bxe7 9. Be2 a6 10. 0-0 0-0 11. h3 Bf5 12. Bg5 h6 13. Bxf6 Bxf6 14. Nh4 Bxh4 15. g3 Bxh3 16. Rfe1 Bd8 17. d4 Bf5 18. Rac1 Nc6 19. d5 Nd4 20. Bd1 Bxc2 21. Bxc2 Nf3+ 22. Kg2 Nxe1+ 23. Rxe1 Bf6 24. a3 Rae8 25. Rd1 Bxc3 26. bxc3 Re2 27. Bd3 Ra2 28. Rb1 Rxa3 29. Rxb7 Rxc3 30. Bxa6 g6 31. Rb4 Ra8 32. Bb7 Rb8 33. f4 Ra3 34. Rb5 Ra7 35. Bc6 Rxb5 36. Bxb5 Ra5 37. Bc4 f5 38. Kh3 Ra3 39. Kh4 Ra1 40. g4 Rh1+ 41. Kg3 Rg1+ 42. Kh2 Rxg4 43. Kh3 Rxf4 44. Ba2 h5 45. Kg3 Rg4+ 46. Kf3 h4 47. Bc4 Rxc4 48. Ke3 h3 49. Kd3 Re4 50. Kc3 h2 51. Kd3 h1Q 52. Kd2 Qe1+ 53. Kd3 Qe3+ 54. Kc2 Rc4+ 55. Kd1 Rc1# 0-1

[Event "SVK-ch U08"]
[Site "Tatralandia"]
[Date "2015.04.19"]
[Round "2"]
[White "Motyciak, Tomas"]
[Black "Strycko, Vladimir"]
[Result "1-0"]
[WhiteElo "1000"]
[BlackElo "1000"]
[PlyCount "73"]
[EventDate "2015.04.18"]
[EventType "tourn"]
[EventRounds "9"]
[EventCountry "SVK"]
[SourceTitle "CBM 166 Extra"]
[Source "ChessBase"]
[SourceDate "2015.06.18"]
[SourceVersion "1"]
[SourceVersionDate "2015.06.18"]
[SourceQuality "1"]

1. e4 e5 2. Nf3 Nf6 3. Nc3 Nc6 4. Bb5 Bb4 5. d3 Bxc3+ 6. bxc3 0-0 7. Bg5 d6 8. 0-0 Bg4 9. d4 Bxf3 10. Qxf3 exd4 11. Bxc6 bxc6 12. cxd4 h6 13. Bh4 g5 14. Bg3 d5 15. e5 Ne4 16. Rfe1 Nxg3 17. Qxg3 Rb8 18. e6 fxe6 19. Rxe6 Qd7 20. Rxh6 Rf5 21. Qg4 Rb2 22. Rf6 Rxf6 23. Qxd7 Rxc2 24. Qe8+ Rf8 25. Qg6+ Kh8 26. Qxc2 Rf6 27. Rb1 Kg7 28. Rb7 Kh6 29. Rxc7 Kh5 30. Qe2+ g4 31. Rc8 Rf7 32. h3 Kh4 33. Rh8+ Kg5 34. Qe5+ Rf5 35. Rg8+ Kh6 36. Qxf5 c5 37. Qg6# 1-0